Kendallovo tau a jeho využitie v aktuárstve

Salvato in:
Dettagli Bibliografici
Autore principale: Páleš, Michal, 1984-
Altri autori: Gogola, Ján, 1977-
Natura: Libro
Lingua:slovacco
Pubblicazione: Bratislava [Katedra matematiky a aktuárstva FHI] [2025]
Edizione:1. vydanie
Soggetti:
Tags: Aggiungi Tag
Nessun Tag, puoi essere il primo ad aggiungerne!!

MARC

LEADER 00000nlm a2200000 4500
001 0308760
005 20251111084746.0
041 0 |a slo 
044 |a SK 
245 1 0 |a Kendallovo tau a jeho využitie v aktuárstve  |c Michal Páleš, Ján Gogola 
250 |a 1. vydanie 
264 1 |a Bratislava  |b [Katedra matematiky a aktuárstva FHI]  |c [2025] 
300 |a 5 s. 
610 2 0 |a ukazovatele štatistické 
610 2 0 |a korelácia 
610 2 0 |a jazyky programovacie 
610 2 0 |a aktuári 
610 2 0 |a modelovanie ekonometrické 
100 1 |a Páleš, Michal, 1984- 
700 1 |a Gogola, Ján, 1977-